00551nam a22001697a 450000500170000001000610001702000260007803500170010403700340012108200080015510000200016324500400018326000460022327000730026930000200034270000190036220230628114315.0 aB-751982-996 CHEN25523 a9788188197668c695.00 aB-751982-996 aKavita Book Center Publisher  a513 aDuby, Shuruti  aVedic Mathematics/bby Shruti Duby  aNew Delhi bKavita Book Center Publisher  aE-5/13, LAJPATRAI CHOOWK, Krishana Nagar, Delhi bNew Delhi e110091 a192p.c21cm(Hb) aDuby,Shuruti